Multimedia journalism (Record no. 2753)
[ view plain ]
| 000 -LEADER | |
|---|---|
| fixed length control field | 00282nam a22001217a 4500 |
| 020 ## - INTERNATIONAL STANDARD BOOK NUMBER | |
| International Standard Book Number | 9789381421628 |
| 082 ## - DEWEY DECIMAL CLASSIFICATION NUMBER | |
| Classification number | 070.4 |
| 100 ## - MAIN ENTRY--PERSONAL NAME | |
| Personal name | Anant Chauhan Vishwendra |
| 245 ## - TITLE STATEMENT | |
| Title | Multimedia journalism |
| 260 ## - PUBLICATION, DISTRIBUTION, ETC. | |
| Place of publication, distribution, etc. | New Delhi |
| Name of publisher, distributor, etc. | Random publications |
| Date of publication, distribution, etc. | 2012. |
| 300 ## - PHYSICAL DESCRIPTION | |
| Extent | 296p |
| 942 ## - ADDED ENTRY ELEMENTS (KOHA) | |
| Koha item type | Book |
| Withdrawn status | Lost status | Source of classification or shelving scheme | Damaged status | Not for loan | Permanent Location | Current Location | Shelving location | Date acquired | Total Checkouts | Full call number | Barcode | Date last seen | Date last checked out | Price effective from | Koha item type |
|---|---|---|---|---|---|---|---|---|---|---|---|---|---|---|---|
| Central Library (CL) | Central Library (CL) | First Floor - Journalism | 03/17/2016 | 3 | 302.234 VIS | S3H-S-449 | 10/05/2020 | 10/02/2020 | 03/17/2016 | Book | |||||
| Central Library (CL) | Central Library (CL) | First Floor - Journalism | 03/17/2016 | 302.234 VIS | S3H-S-117 | 03/17/2016 | 03/17/2016 | Book |
